000 00573nam a22001817a 4500
003 OSt
005 20220107122820.0
008 161007b xxu||||| |||| 00| 0 eng d
040 _cIIITMK
100 _aPranav S Satheesh (92214003)
_910657
245 _aSruthitharangam cochlear implantation project for children: Web development in ASP.net
_cPranav S Satheesh
300 _aCS - Major Project
502 _bCS
_dINT
_eManojkumar T K
650 _aCOMPUTER SCIENCE
_910658
650 _aWEB DEVELOPMENT
_910659
650 _aCOCHLEAR IMPLANTATION
_910660
942 _2ddc
_cPR
999 _c5368
_d5368